Bảo hộ chỉ dẫn địa lý theo pháp luật của Mỹ, Pháp và kinh nghiệm cho Việt Nam /

Kaydedildi:
Detaylı Bibliyografya
Yazar: Đỗ Thị Diện.
Materyal Türü: Makale
Dil:Vietnamese
Konular:
IG
Etiketler: Etiketle
Etiket eklenmemiş, İlk siz ekleyin!
Thư viện lưu trữ: Thư viện Trường Đại học Đà Lạt
LEADER 00755nam a2200253 4500
001 DLU210195920
005 ##20210326
040 # # |a DLU  |b vie 
041 # # |a vie 
044 # # |a vn 
100 # # |a Đỗ Thị Diện. 
245 # # |a Bảo hộ chỉ dẫn địa lý theo pháp luật của Mỹ, Pháp và kinh nghiệm cho Việt Nam /  |c Đỗ Thị Diện. 
653 # # |a Chỉ dẫn địa lý 
653 # # |a IG 
653 # # |a TRIPS 
773 # # |t Nghề luật  |g Số 2, 2016, tr. 66-71 
920 # # |a Phòng Tạp chí -- Trung tâm Thông tin - Thư viện Trường Đại học Đà Lạt 
900 # # |a True 
911 # # |a Nguyễn Thị Thu Phương 
925 # # |a G 
926 # # |a A 
927 # # |a BB 
980 # # |a Thư viện Trường Đại học Đà Lạt